|
|
|
|
| LEADER |
03003nam a2200697 i 4500 |
| 001 |
nkc20223472813 |
| 003 |
CZ PrNK |
| 005 |
20230518071829.0 |
| 007 |
ta |
| 008 |
221121s2022 xr acf e 000 ddcze |
| 020 |
|
|
|a 978-80-88449-21-8
|q (brožováno)
|
| 040 |
|
|
|a BOA001
|b cze
|e rda
|
| 043 |
|
|
|a e-xr---
|b e-xr-mo
|2 czenas
|
| 045 |
|
|
|a y2y2
|
| 072 |
|
7 |
|a 792
|x Divadlo. Divadelní představení
|2 Konspekt
|9 3
|
| 080 |
|
|
|a 792.2
|2 MRF
|
| 080 |
|
|
|a 791.2
|2 MRF
|
| 080 |
|
|
|a 792=025
|2 MRF
|
| 080 |
|
|
|a 821-2
|2 MRF
|
| 080 |
|
|
|a (437.326)
|2 MRF
|
| 080 |
|
|
|a (083.97)
|2 MRF
|
| 080 |
|
|
|a (0:82-2)
|2 MRF
|
| 245 |
0 |
0 |
|a Miloš Forman (1932-2018) - Jaroslav Papoušek (1929-1995) - Ivan Passer (1933-2020) - Tomáš Svoboda (1972), Hoří, má panenko :
|b kdo si nenakrad, musí to brát, jako že nevyhrál!
|
| 246 |
3 |
0 |
|a Hoří, má panenko
|
| 246 |
1 |
8 |
|a Forman, Papoušek, Passer, Svoboda, Hoří má panenko
|
| 264 |
|
1 |
|a Ostrava :
|b Národní divadlo moravskoslezské, příspěvková organizace statutárního města Ostrava,
|c [2022]
|
| 300 |
|
|
|a 118 stran, 12 nečíslovaných stran obrazových příloh :
|b ilustrace (některé barevné), portréty ;
|c 21 cm
|
| 336 |
|
|
|a text
|b txt
|2 rdacontent
|
| 337 |
|
|
|a bez média
|b n
|2 rdamedia
|
| 338 |
|
|
|a svazek
|b nc
|2 rdacarrier
|
| 500 |
|
|
|a "Premiéra 26. listopadu 2022 v Divadle Jiřího Myrona"
|
| 500 |
|
|
|a Název z obálky
|
| 500 |
|
|
|a Nad názvem: Národní divadlo moravskoslezské, Činohra
|
| 505 |
2 |
|
|a Hoří, má panenko : kdo si nenakrad, musí to brát, jako že nevyhrál! / Miloš Forman, Ivan Passer, Jaroslav Papoušek, Tomáš Svoboda
|
| 610 |
2 |
7 |
|a Divadlo Jiřího Myrona
|7 kn20010709304
|2 czenas
|
| 648 |
|
7 |
|a 20. století
|7 ch460558
|2 czenas
|
| 648 |
|
7 |
|a 2022
|7 ch1186030
|2 czenas
|
| 648 |
|
7 |
|a 2021-2030
|7 ch1094457
|2 czenas
|
| 650 |
0 |
7 |
|a činohry
|7 ph128179
|z Česko
|y 2021-2030
|2 czenas
|
| 650 |
0 |
7 |
|a filmy
|7 ph120215
|z Česko
|y 20. století
|2 czenas
|
| 650 |
0 |
7 |
|a divadelní adaptace
|7 ph117224
|2 czenas
|
| 650 |
0 |
9 |
|a drama stages
|z Czechia
|y 2021-2030
|2 eczenas
|
| 650 |
0 |
9 |
|a films
|z Czechia
|y 20th century
|2 eczenas
|
| 650 |
0 |
9 |
|a stage adaptations
|2 eczenas
|
| 651 |
|
7 |
|a Ostrava (Česko)
|7 ge128537
|2 czenas
|
| 651 |
|
9 |
|a Ostrava (Czechia)
|2 eczenas
|
| 655 |
|
7 |
|a divadelní programy
|7 fd132033
|2 czenas
|
| 655 |
|
7 |
|a dramata
|7 fd132072
|2 czenas
|
| 655 |
|
9 |
|a playbills
|2 eczenas
|
| 655 |
|
9 |
|a drama
|2 eczenas
|
| 700 |
1 |
2 |
|a Forman, Miloš,
|d 1932-2018.
|t Hoří, má panenko
|
| 700 |
1 |
|
|a Passer, Ivan,
|d 1933-2020
|7 jk01091825
|4 aut
|
| 700 |
1 |
|
|a Papoušek, Jaroslav,
|d 1929-1995
|7 jk01091733
|4 aut
|
| 700 |
1 |
|
|a Svoboda, Tomáš,
|d 1972 duben 28.-
|7 jo2013767496
|4 aut
|
| 710 |
2 |
|
|a Národní divadlo moravskoslezské.
|b Činohra
|7 osa2012730780
|4 isb
|
| 710 |
2 |
|
|a Divadlo Jiřího Myrona
|7 kn20010709304
|4 orm
|
| 910 |
2 |
|
|a BOA001
|b 2-1500.625
|
| 990 |
|
|
|a BK
|
| 995 |
|
|
|a 11
|
| 991 |
|
|
|b 202212
|c NOV
|
| 996 |
6 |
|
|b 2610924324
|c 2-1500.625
|l MZK
|r Sklad / do 1 hodiny
|n 0
|p p.v.
|w 001908084
|u 000010
|a 1
|e BOA001
|j MZK50
|s P
|